000 00964nam a22002537a 4500
005 20170124103022.0
010 _aA-731323
020 _c100.00
_a8171450628
035 _aA-731323
037 _bCen Lib/Ret
040 _aDPL
_bHN
082 _a
_bबोडस
100 _aबोडस, नाग
_960930
245 _aमेनिफेस्टो /
_cनाग बोडस
246 _aManifesto /
_bby Nag Bods
260 _aदिल्ली
_bसन्मार्ग प्रकाशन
_c1995
270 _a16-यू.बी.बैंगलो रोड, जवाहर नगर
_bदिल्ली
_e110007
300 _a168पृ.
_c20सेमी (सजिल्द)
650 _aहिन्दी -- साहित्य
_960931
650 _aहिन्दी -- उपन्यास
_960932
650 _aHindi -- Literature
_960933
650 _aHindi -- Fiction
_927248
942 _2ddc
_cHN
_h
_mबोडस
999 _c115328
_d115328